| 000 | 02130nam a22003254 4500 | ||
|---|---|---|---|
| 001 | 114548 | ||
| 003 | DR-UNIBE | ||
| 005 | 20260407105055.0 | ||
| 007 | cr nn 008mamaa | ||
| 008 | 260407b2027 xxu|||||s|||| 00| 0 eng d | ||
| 020 | _a9780443283581 | ||
| 020 | _a9780443283581 (electrónico) | ||
| 040 |
_aBIBLIOTECA UNIBE _cBIBLIOTECA UNIBE _erda |
||
| 041 | _aeng | ||
| 245 | 1 | 0 | _aCellular and molecular immunology |
| 250 | _aUndécima edición | ||
| 260 |
_aPhiladelphia : _bElsevier, _c2026 |
||
| 300 |
_axi, 578 páginas : _bilustraciones |
||
| 500 | _aRecurso en línea: Disponible para miembros de UNIBE a través del portal web del CRAI: https://www.unibe.edu.do/biblioteca/libros-electronicos/ | ||
| 505 | _a1. Overview of the immune system | 2. Cells and tissues of the immune system | 3. Leukocyte circulation and migration into tissues | 4. Innate immunity | 5. Antibodies and antigens | 6. Antigen presentation to T lymphocytes and the role of major histocompatibility complex molecules | 7. Immune receptors and signal transduction | 8. Lymphocyte development and antigen receptor gene rearrangement | 9. Activation and regulation of T lymphocytes | 10. Differentiation and functions of CD4+ effector T cells | 11. Differentiation and functions of CD8+ effector T cells | 12. B-cell activation and antibody production | 13. Effector mechanisms of humoral immunity | 14. Specialized immunity at epithelial barriers and in immune-privileged tissues | 15. Immunologic tolerance and autoimmunity | 16. Immunity to microbes | 17. Transplantation immunology | 18. Tumor immunology | 19. Hypersensitivity disorders | 20. Allergy | 21. Congenital and acquired immunodeficiencies | | ||
| 650 | 7 |
_aInmunología _2lemb |
|
| 650 | 7 |
_aMedicina _2lemb _9190212 |
|
| 655 | 4 |
_aRecurso electrónico _942681 |
|
| 700 |
_aAbbas, Abul K. _922868 _eautor |
||
| 700 |
_aLichtman, Andrew H. H. _9181593 _eautor |
||
| 700 |
_aPillai, Shiv _936465 _eautor |
||
| 700 |
_aHenrickson, Sarah E. _9204130 _eautor |
||
| 856 | _uhttps://www.clinicalkey.com/student/content/toc/3-s2.0-C20230509061 | ||
| 942 |
_2ddc _cEB |
||
| 999 |
_c114548 _d114548 |
||